| 000 | 00835nam a22001937a 4500 | ||
|---|---|---|---|
| 003 | BD-DhUL | ||
| 005 | 20170803104801.0 | ||
| 008 | 161019s1900 ii ||||| |||| 00| 0 ben | ||
| 040 |
_aBD-DhUL _cBD-DhUL |
||
| 082 |
_a891.449 _bRAS |
||
| 100 | 1 | _aরামেশ্বর ভট্টাচার্য্য | |
| 245 | 1 | 0 |
_aশিবায়ন / _cরামেশ্বর ভট্টাচার্য্য |
| 260 |
_aকলিকাতা : _bকলিকাতা বিশ্ববিদ্যালয়, _c১৯০০। |
||
| 300 |
_a১১৪ পৃ. ; _c২৩ সেমি. |
||
| 650 | 0 | _aবাংলা সাহিত্য - ইতিহাস ও সমালোচনা | |
| 650 | 0 | _aBengali literature - History and criticism | |
| 700 | 1 | _aবসু, ঈশানচন্দ্র | |
| 942 |
_2ddc _cBK |
||
| 999 |
_c212997 _d212997 |
||